Top 10 Bayer Leverkusen Starting XI - Statistics

General Stats
  • This quiz has been taken 955 times
    285 since last reset
  • The average score is 25 of 65
Answer Stats
Team Player % Correct
2021-22, 2023-24, 2024-25 Florian Wirtz
98%
2023-24, 2024-25 Granit Xhaka
98%
2021-22, 2023-24, 2024-25 Jonathan Tah
97%
2021-22, 2023-24, 2024-25 Jeremie Frimpong
95%
2021-22, 2023-24, 2024-25 Lukáš Hrádecký
93%
2021-22, 2024-25 Patrik Schick
93%
2023-24, 2024-25 Álex Grimaldo
91%
2023-24, 2024-25 Edmond Tapsoba
89%
2023-24 Victor Boniface
89%
2023-24 Exequiel Palacios
85%
2021-22, 2024-25 Piero Hincapié
81%
2021-22, 2024-25 Robert Andrich
72%
2021-22, 2023-24 Odilon Kossounou
68%
2023-24 Jonas Hofmann
64%
1999-00, 2001-02 Michael Ballack
63%
2010-11 Arturo Vidal
58%
2021-22 Moussa Diaby
56%
2024-25 Nathan Tella
56%
2003-04 Dimitar Berbatov
52%
2012-13, Stefan Kießling
52%
2012-13 Bernd Leno
51%
2001-02, 2003-04 Lúcio
50%
2010-11 Sami Hyypiä
50%
2012-13 Ömer Toprak
47%
2021-22 Mitchel Bakker
44%
2012-13 Dani Carvajal
42%
1998-99, 1999-00, 2001-02 Zé Roberto
41%
2012-13 Lars Bender
40%
2021-22 Kerem Demirbay
35%
2010-11 René Adler
34%
1999-00, 2001-02 Bernd Schneider
30%
2001-02, 2003-04 Hans-Jörg Butt
30%
2010-11, 2012-13 Gonzalo Castro
27%
2010-11 Sidney Sam
26%
2010-11, 2012-13 Simon Rolfes
26%
1996-97, 1998-99, 1999-00, 2001-02 Ulf Kirsten
26%
2010-11 Eren Derdiyok
25%
1999-00, 2001-02 Oliver Neuville
25%
1999-00 Robert Kovač
24%
2001-02 Yıldıray Baştürk
22%
1996-97, 1998-99, 1999-00, 2001-02, 2003-04 Carsten Ramelow
21%
1996-97, 1999-00, 2001-02, 2003-04 Jens Nowotny
21%
2010-11, 2012-13 Michal Kadlec
21%
2010-11 Renato Augusto
20%
2012-13 André Schürrle
18%
1998-99, 1999-00 Emerson
18%
2001-02, 2003-04 Diego Placente
17%
2003-04 Juan
16%
1996-97 Paulo Sérgio
15%
2010-11, 2012-13 Stefan Reinartz
14%
1996-97 Christian Wörns
11%
2003-04 Marko Babić
11%
2012-13 Philipp Wollscheid
11%
2003-04 França
9%
1998-99, 1999-00 Adam Matysek
8%
2010-11 Daniel Schwaab
8%
1996-97 Erik Meijer
8%
1998-99, 1999-00 Stefan Beinlich
7%
1996-97 Dirk Heinen
6%
1996-97, 1998-99 Jan Heintze
6%
2003-04 Daniel Bierofka
5%
1996-97 Hans-Peter Lehnhoff
4%
1998-99 Jörg Reeb
4%
1996-97, 1998-99 Markus Happe
4%
1996-97 Zé Elias
4%
No matching quizzes found
Score Distribution
Percent of People with Each Score
Percentile by Number Answered
Your Score History
You have not taken this quiz since the last reset